01070nam a2200325Ia 4500001000700000003000500007008004100012010001100053020001800064040000900082082001900091100003000110245010500140250001100245260006400256300001500320503001700335504003700352650005200389650003000441700003900471700003600510901001900546902000600565910000900571942000600580942000700586999001900593952013200612Z_5740CHAP220113s2004 xx 000 0 und d a168846 a0-13-047475-4 cCHAP a633.2 H65 2004 aHolechek, Jerry L.955923 aRange management : principles and practices /cJerry L. Holechek, Rex D. Pieper y Carlton H. Herbel a5a ed. aEstados Unidos de América :bPearson Pretice Hall,c2004 axv, 607 p. aej.1: 240998 aIncluye bibliografá e índice aPastizalesxEstados Unidos de América9138009 aPastizalesxManejo985944 a Herbel, Carlton H, coaut.9143110 aPieper, Rex D., coaut. 9143111 a633.2 H65 2004 aM a2004 c1 cc1 c168846d168846 00102ddc4051708GRALaZbZd2009-01-16l9o633.2 H65 2004pz_5633r2025-01-28 14:28:12s2025-01-28tEj.1w2022-01-18yLIBRO